LIBRARY & INFORMATION CENTRE, KCAET, TAVANUR

ONLINE PUBLIC ACCESS CATALOGUE (OPAC)

Wind energy / (Record no. 2020)

MARC details
000 -LEADER
fixed length control field 00426cam a2200181ua 4500
003 - CONTROL NUMBER IDENTIFIER
control field OSt
008 - FIXED-LENGTH DATA ELEMENTS--GENERAL INFORMATION
fixed length control field 241223b |||||||| |||| 00| 0 eng d
020 ## - INTERNATIONAL STANDARD BOOK NUMBER
ISBN 81-237-0679-0
041 ## - LANGUAGE CODE
Language code of text/sound track or separate title eng
082 ## - DEWEY DECIMAL CLASSIFICATION NUMBER
Classification number 621.47
Item number ATH/WI
100 ## - MAIN ENTRY--AUTHOR NAME
Personal name Athawale, Suneel B .
245 ## - TITLE STATEMENT
Title Wind energy /
250 ## - EDITION STATEMENT
Edition statement 1 /
260 ## - PUBLICATION, DISTRIBUTION, ETC. (IMPRINT)
Place of publication India :
Name of publisher National Book Trust ,
Year of publication 1994.
300 ## - PHYSICAL DESCRIPTION
Number of Pages 55 ; .
650 ## - SUBJECT ADDED ENTRY--TOPICAL TERM
Topical Term Energy
942 ## - ADDED ENTRY ELEMENTS (KOHA)
Koha item type Books
Holdings
Withdrawn status Lost status Damaged status Home library Current library Date acquired Full call number Accession Number Koha item type
      KAUAET KAUAET 07/04/2012 621.47 ATH/WI 19550 Books
free website counter